000 00455nam a22001817a 4500
003 CEME
005 20210628204002.0
008 210113b xxu||||| |||| 00| 0 eng d
020 _a9780140297041
040 _cceme
082 _a813.54 HAM
100 _aMohsin Hamid , Hamid, Mohsin
_968144
245 _aMoth smoke
260 _aINDIA
_bPENGUIN BOOKS
_c2000
300 _a245P
650 _aENGLISH LITERATURE-MOTH SMOKE.
_968145
942 _cBK
_2ddc
999 _c575777
_d575777